Statistics for Great Men of History

Click here to take the quiz!

General Stats

  • This quiz has been taken 57 times
  • The average score is 6 of 15

Answer Stats

HintAnswer% Correct
US president who abolished slavery and won the Civil WarAbraham Lincoln
98%
German/Austrian musician who composed several great symphonies, concertos and sonatas, despite being deaf most of his lifeLudwig van Beethoven
98%
French biologist and chemist who made immense strives in the fields of prevention and cure of disease, known for treating milk and wine to stop bacterial infectionLouis Pasteur
85%
Greek teacher, one of the first moral philosophers, and brain behind the method of 'elenchus'Socrates
85%
Spanish surrealist artist, famous for his melting clocks and pet anteaterSalvador Dali
79%
US founding father who invented bifocals, the lightning rod, and the glass harmonicaBenjamin Franklin
63%
Ming Dynasty eunuch, admiral of 300 of the largest wooden ships ever builtAdmiral Zheng He
13%
American actor, voice of Dick Dasterdly, Tigger, and Gargamel, and inventor of many things including an artificial heartPaul Winchell
8%
Prussian philosopher, naturalist and explorer, first person to comment on human induced climate change as early as 1800, has more species and places named after him than anyone elseAlexander von Humboldt
6%
Roman emperor who ended the Crisis of the Third CenturyAurelian
6%
Longest reigning emperor of China and founder of the 'era of prosperity'Kangxi Emperor
4%
Welsh Mathematician who invented the equals sign (=), and introduced the plus sign (+) and pi symbol to mathematicsRobert Recorde
4%
Alexei Ananenko
2%
Boris Baranov
0%
Three Ukrainian technicians at the Chernobyl plant who sacrificed themselves to prevent a steam explosion and saved millions of livesValeri Bezpalov
0%

Score Distribution

Percentile by Number Answered

Percent of People with Each Score

Your Score History

You have not taken this quiz